000
00289nam a22001457a 4500
020
_a
93-80884-87-7
082
_a
920
_b
AMH/H
100
_a
EBHRAHAM . T.M
245
_a
MOTHER
260
_a
THRISSUR
_b
GREENBOOKS
_c
2012
300
_a
72
500
_a
NOVEL
505
_a
NOVEL
942
_c
BK
999
_c
5352
_d
5352